За произведението на В. И. Ленин "Предстоящите задачи на съветската власт" (Запис номер 136027)
[ съкратено ]
| 000 -Лидер | |
|---|---|
| Контролно поле с фиксирана дължина | 01495nam a2200385 c 4500 |
| 003 - Код на организацията, давaща контролен номер | |
| Контролно поле | BLK |
| 005 - Дата и час на последна редакция | |
| Контролно поле | 20221201113534.0 |
| 008 - Елементи от данни с фиксирана дължина | |
| fixed length control field | 180409b bul|||||r ||||||| ||bul|| |
| 010 ## - Наследен системен номер | |
| LC control number | KNG00141962000 |
| 040 ## - Източник на каталожния запис | |
| Идентификатор на билиотеката - собственик на записа | BLK |
| 041 ## - Код за език | |
| Код за езика на текст/звукозапис или на отделно заглавие | Български |
| Код за езика КДБФ | Български |
| 080 ## - УДК | |
| Текстов определител УДК | Марксизъм-ленинизъм. Научен комунизъм |
| УДК код - определител по УДК | 141.82 |
| УДК определител | (075.9) |
| УДК - код + определител | 141.82(075.9) |
| 100 1# - Редна дума - Автор | |
| Автор | Бойчев, Йордан |
| Авторска отговорност | първи автор |
| R(LIN) | 376818 |
| 139 ## - Редно поле | |
| Редна дума | Бойчев, Йордан |
| Авторски знак | Боич - Б 60 |
| 245 10 - Сведения за заглавието | |
| Заглавие | За произведението на В. И. Ленин "Предстоящите задачи на съветската власт" |
| Подзаглавни данни | Лекция |
| Редно поле (дума) | Йордан Бойчев. |
| 257 ## - Страна на издаване | |
| Страна на създаване/издаване | България |
| 260 ## - Област на издателските данни | |
| Място на издаване, разпространение и проч. | София |
| Име на издателя, разпространителя и проч. | АОНСУ при ЦК на БКП |
| Година на издаване | 1980 |
| 300 ## - Физическа характеристика | |
| Страници | 32 с. |
| Размери/Мащаб | 21 см |
| 380 ## - Жанр | |
| Жанр | Философия |
| 500 ## - Общи забележки | |
| Забележка | Офс. изд. - 300 тир. |
| 600 14 - Име на лице, използвано като предмет | |
| За него / За нея | Ленин, Владимир Илич |
| 9 (RLIN) | 364996 |
| 650 #4 - Допълнително описание по предмет – тема | |
| Основно описание – тема или топоним | Марксизъм-ленинизъм |
| 9 (RLIN) | 250564 |
| 650 #4 - Допълнително описание по предмет – тема | |
| Основно описание – тема или топоним | Ленин, Владимир Илич |
| 9 (RLIN) | 364996 |
| 650 #4 - Допълнително описание по предмет – тема | |
| Основно описание – тема или топоним | Власт - философско-социологически анализ |
| 9 (RLIN) | 259006 |
| 653 ## - Ключова дума – ненормативна | |
| Ключова дума | власт |
| 653 ## - Ключова дума – ненормативна | |
| Ключова дума | ленинизъм |
| 653 ## - Ключова дума – ненормативна | |
| Ключова дума | марксизъм |
| 653 ## - Ключова дума – ненормативна | |
| Ключова дума | Ленин |
| 653 ## - Ключова дума – ненормативна | |
| Ключова дума | социализъм |
| 852 ## - Местоположение | |
| Форматна сигнатура | Цб 101782 |
| 856 4# - Електронен адрес и достъп | |
| Електронен формат | pdf - файл |
| Инструкция (цена за достъп) | 0.00 |
| Права за достъп | disable |
| 856 4# - Електронен адрес и достъп | |
| Електронен формат | pdf - файл |
| Инструкция (цена за достъп) | 0.00 |
| Права за достъп | disable |
| 999 ## - СИСТЕМНИ КОНТРОЛНИ НОМЕРА | |
| Koha biblionumber | 136027 |
| Koha biblioitemnumber | 136027 |
| 942 ## - АРТИКУЛИ | |
| Вид на библиотечния материал | Книги |
| Скрит в OPAC | Не |
| Периодичен библиозапис | Да |
| 944 ## - СЪЗДАВАНЕ И РЕДАКЦИЯ на ЗАПИСА | |
| Създаване/Редакция | Създаване |
| Дата на регистрацията/редакция | 12.04.2013 |
| Статус, дата на статуса | 12.04.2013 - от С1,Р / 12.04.2013 |
| Служител, извършил регистрацията/редакцията | Кети_Илиева |
| 944 ## - СЪЗДАВАНЕ И РЕДАКЦИЯ на ЗАПИСА | |
| Създаване/Редакция | Редакция |
| Дата на регистрацията/редакция | 12.04.2013 |
| Статус, дата на статуса | 12.04.2013 - от С1,Р / 12.04.2013 |
| 999 ## - СИСТЕМНИ КОНТРОЛНИ НОМЕРА | |
| Koha biblioitemnumber | 136027 |
| Код за отписване | Код за изгубен артикул | Източник на класификационната схема | Код за повреда | Коз за рестрикции | Код за отдаване | Артикулен № | Име на библиотеката - собственик | Име на библиотеката, в която се намира в момента | Статус (Текущо местоположение) | Дата на вписване в системата | Местоположение - отдел | Цена в лева | Инвентарен номер | Систематично азбучна сигнатура | Баркод | Номер на екземпляра | Цена в евро | Служебна бележка | Служебен тип на артикула |
|---|---|---|---|---|---|---|---|---|---|---|---|---|---|---|---|---|---|---|---|
| Не е изгубен | Universal Decimal Classification | Не е повреден | само за читалня | ползва се в читалня | 222358 | Регионална библиотека "Любен Каравелов" Русе | Регионална библиотека "Любен Каравелов" Русе | Хранилище | 1980-01-01 | Хранилище | 0.13 | 297602 | Цб 101782 | 120000297602 | 1 | 0.07 | Вид: Сф Дата: 01.01.1980 | Книги |